|
|
|
|
| LEADER |
03004nam a2200373 i 4500 |
| 001 |
45196 |
| 003 |
BD-DhAAL |
| 005 |
20251217095610.0 |
| 008 |
251217t2018 nyu b 001 0 eng |
| 010 |
|
|
|a 2017041342
|
| 020 |
|
|
|a 9780190860745
|
| 035 |
|
|
|a 19967825
|
| 040 |
|
|
|a DLC
|b eng
|c DLC
|e rda
|d DLC
|d BD-DhAAL
|
| 042 |
|
|
|a pcc
|
| 050 |
0 |
0 |
|a K721.5
|b .A94 2018
|
| 082 |
0 |
0 |
|a 306.3201
|2 23
|
| 100 |
1 |
|
|a Alexander, Gregory S.,
|d 1948-,
|e author.
|9 59957
|
| 245 |
1 |
0 |
|a Property and human flourishing /
|c Gregory S. Alexander.
|
| 260 |
|
|
|a New York, NY :
|b Oxford University Press,
|c 2018.
|
| 300 |
|
|
|a xxv, 359 pages ;
|c 24 cm
|
| 504 |
|
|
|a Includes bibliographical references (pages 321-344) and index.
|
| 526 |
8 |
|
|a SOL
|x K. Shamsuddin Mahmood
Professor and Dean
School of Law
Course Name and No.: Property Law and Transfer (LAW 203)
|
| 541 |
1 |
|
|a Karim International
|e 45196, 45197, 45198, 45199, 45200
|
| 650 |
|
0 |
|a Right of property
|x Philosophy.
|9 59958
|
| 650 |
|
0 |
|a Property.
|
| 650 |
|
0 |
|a Obligations (Law).
|9 59959
|
| 852 |
1 |
|
|a Ayesha Abed Library
|c General Stacks
|
| 942 |
|
|
|2 ddc
|c BK
|
| 999 |
|
|
|c 47563
|d 47563
|
| 952 |
|
|
|0 0
|1 0
|2 ddc
|4 0
|6 306_320100000000000_ALE
|7 0
|9 78630
|a BRACUL
|b BRACUL
|c GEN
|d 2025-12-14
|e General Stacks
|g 14700.00
|l 0
|o 306.3201 ALE
|p 3010045199
|r 2025-12-14
|t 4
|v 29400.00
|w 2025-12-14
|y BK
|x Requisitioned by K. Shamsuddin Mahmood (Professor and Dean, School of Law, BRAC University) for the course named - Property Law and Transfer (LAW 203) )
|
| 952 |
|
|
|0 0
|1 0
|2 ddc
|4 0
|6 306_320100000000000_ALE
|7 0
|9 78631
|a BRACUL
|b BRACUL
|c GEN
|d 2025-12-14
|e Karim International
|g 14700.00
|l 0
|o 306.3201 ALE
|p 3010045200
|r 2025-12-14
|t 5
|v 29400.00
|w 2025-12-14
|y BK
|x Requisitioned by K. Shamsuddin Mahmood (Professor and Dean, School of Law, BRAC University) for the course named - Property Law and Transfer (LAW 203) )
|
| 952 |
|
|
|0 0
|1 0
|2 ddc
|4 0
|6 306_320100000000000_ALE
|7 0
|9 78632
|a BRACUL
|b BRACUL
|c NEW
|d 2025-12-14
|e Karim International
|g 14700.00
|l 0
|o 306.3201 ALE
|p 3010045197
|r 2025-12-14
|t 2
|v 29400.00
|w 2025-12-14
|y BK
|x Requisitioned by K. Shamsuddin Mahmood (Professor and Dean, School of Law, BRAC University) for the course named - Property Law and Transfer (LAW 203) )
|
| 952 |
|
|
|0 0
|1 0
|2 ddc
|4 0
|6 306_320100000000000_ALE
|7 0
|9 78633
|a BRACUL
|b BRACUL
|c CIR
|d 2025-12-14
|e Karim International
|g 14700.00
|l 0
|o 306.3201 ALE
|p 3010045196
|r 2025-12-14
|t 1
|v 29400.00
|w 2025-12-14
|y 1HOUR
|x Requisitioned by K. Shamsuddin Mahmood (Professor and Dean, School of Law, BRAC University) for the course named - Property Law and Transfer (LAW 203) ); As instructed by the University Librarian, the book has been placed on a one-hour loan period following the receipt of five copies.
|
| 952 |
|
|
|0 0
|1 0
|2 ddc
|4 0
|6 306_320100000000000_ALE
|7 0
|9 78634
|a BRACUL
|b BRACUL
|c GEN
|d 2025-12-14
|e Karim International
|g 14700.00
|l 0
|o 306.3201 ALE
|p 3010045198
|r 2025-12-14
|t 3
|v 29400.00
|w 2025-12-14
|y BK
|x Requisitioned by K. Shamsuddin Mahmood (Professor and Dean, School of Law, BRAC University) for the course named - Property Law and Transfer (LAW 203) )
|